000
00292nam a2200121 a 4500
008
100920s1965|||| d
245
1
0
_a
V prietočnej uličke
100
1
_a
Erenburg
260
_b
Slovenský spisovateľ
_a
Bratislava
_c
1965
020
_c
7,10
044
_a
xo
_c
SK
041
_a
slo
999
_c
10523
_d
10523